| 000 -LEADER |
| fixed length control field |
00339cam a22000977a 4500 |
| 008 - FIXED-LENGTH DATA ELEMENTS--GENERAL INFORMATION |
| fixed length control field |
180718b1955 xxu||||| |||| 00| 0 eng d |
| 082 ## - DEWEY DECIMAL CLASSIFICATION NUMBER |
| Classification number |
B1242x5444 M999 |
| 245 ## - TITLE STATEMENT |
| Title |
Harijan on the March: effective measures taken in Mysore for their uplift |
| 260 ## - PUBLICATION, DISTRIBUTION, ETC. |
| Place of publication, distribution, etc. |
Bangalore |
| Name of publisher, distributor, etc. |
The Director of Printing, Stationery and Publications |
| Date of publication, distribution, etc. |
1955 |
| 300 ## - PHYSICAL DESCRIPTION |
| Extent |
60p. |